000 00328nam a2200145Ia 4500
008 230605s1989 xx 000 0 und d
041 _aeng
100 _aParker
245 _aWine Buyers Giide
260 _bDorling pub.
_c1989
300 _a800p
520 _aHard Board
520 _aReference Copy
650 _aF & B Ser.
999 _c420471
_d420471